| 000 | 01166nam a2200325 a 4500 | ||
|---|---|---|---|
| 001 | |||
| 003 | DO-SdBNP | ||
| 005 | 20230210095955.0 | ||
| 008 | 130411s2008 dr r 000 0 spa d | ||
| 020 | _a9789945020557 | ||
| 040 |
_aDO-SdBNP _bspa _cBPMSU |
||
| 082 | 4 |
_a920.97293 _bC343p 2008 _222 |
|
| 100 | 1 |
_aCassá, Roberto, _d1948- |
|
| 245 | 1 | 0 |
_aPensadores criollos / _cRoberto Cassá. |
| 260 |
_aSanto Domingo : _bComisión Permanente de Efemérides Patrias; _bArchivo General de la Nación, _c2008. |
||
| 300 |
_a96 p. ; _c22 cm. |
||
| 490 | 0 |
_aJuvenil _v6 |
|
| 500 | _aIncluye datos biográficos del autor en la solapa de la cubierta | ||
| 500 | _aIncluye índice | ||
| 504 | _aBibliográfia : p. 93 | ||
| 590 | _aInventariado, 2022/VM | ||
| 600 | 1 | 4 |
_aSánchez Valverde, Antonio _d1729-1790 |
| 600 | 1 | 4 |
_aLópez de Medrano, Andrés _d1780-1856 |
| 600 | 1 | 4 |
_aNúñez de Cáceres, José, _d1772-1846 |
| 650 | 4 |
_aPensadores _zRepública Dominicana |
|
| 710 | 2 | _aComisión Permanente de Efemérides Patrias (República Dominicana) | |
| 710 | 2 | _aArchivo General de la Nación (República Dominicana) | |
| 910 | _aVMateo V. | ||
| 942 |
_2ddc _cBK |
||
| 999 |
_c13965 _d13965 |
||